| 000 | 00792nam a2200289Ia 4500 | ||
|---|---|---|---|
| 008 | 160216s9999 xx 000 0 und d | ||
| 020 | _a0-7216-0289-4 | ||
| 050 | _aMAIN RT 73 | ||
| 050 | _b.D49 2003 | ||
| 100 | _adeWit, Susan C. | ||
| 245 | _aVirtual clinical excursions-medical-surgical for deWit : | ||
| 245 | _bundamental concepts and skills for nursing / | ||
| 245 | _cSusan C. deWit. | ||
| 260 | _aSt. Louis, Missouri : | ||
| 260 | _bSaunders. | ||
| 260 | _c2003 | ||
| 300 | _a236 pages : | ||
| 300 | _c28 cm. | ||
| 300 | _e+ CD ROM | ||
| 650 | _aDecision Making. | ||
| 650 | _aNursing -- | ||
| 650 | _aNursing -- | ||
| 650 | _aNursing Care -- | ||
| 650 | _xCase studies. | ||
| 650 | _xDecision making -- Textbooks. | ||
| 650 | _xProblems and Exercises. | ||
| 999 |
_c290879 _d290879 |
||